000 00982nam a2200289 a 4500
001 000011225
003 DO-SdBNP
005 20220721133650.0
008 091009s1984 dr a 000 0 spa d
040 _aDO-SdBNP
_bspa
_cBNPHU
082 _a616.025
_bU75m, 1984
245 0 0 _aUrgencias médicas /
_ceditor Guarocuya Batista del Villar.
250 _a3a ed.
260 _aSanto Domingo :
_bEditora Universitaria,
_c1984.
300 _a2 v. :
_bil. ;
_c22 cm.
500 _aTercera reimpresión de la tercera edición 1981.
500 _aIncluye referencias bibliográficas.
590 _aInventariado, 2018/LP
650 4 _aUrgencias médicas
_92343
650 4 _aMedicina de urgencias
_925942
650 4 _aCuidados intensivos (medicina)
_925943
650 4 _aEnfermedades cardiacas
_918206
650 4 _aUrgencias en obstetricias
_926370
700 1 _aBatista del Villar, Guarocuya,
_eed.
_920408
910 _aValidado. Control de calidad MMOLINA
942 _2ddc
_cLBS1
999 _c10944
_d10944